000 00464nmm a2200157Ia 4500
008 251105s9999||||xx |||||||||||||||||und||
020 _a9789560103277
041 _aspa
100 _aPérez Meyer, Carmen
245 0 _aLas islas donde las casas navegan
264 _a[Santiago de Chile, Chile] :
_bRil editores,
_c2016
300 _a276 páginas
650 _aLatin American narrative
856 _uhttps://public.digitaliapublishing.com/a/42821
942 _cCF
999 _c93791
_d93791